| 000 | 00771nam a2200229 a 4500 | ||
|---|---|---|---|
| 001 | BRCA_3544 | ||
| 005 | 20190320204327.0 | ||
| 008 | 300709s1900----enk#---###---#000-0#ger-# | ||
| 041 | _aeng | ||
| 044 | _aenk | ||
| 050 | 4 |
_aF1231 _b.H47 1900 |
|
| 100 | 1 |
_aHeger, Franz _99192 |
|
| 245 | 1 | 0 |
_aEine weitere neue, Serie von Oelbildern der verschiedenen Rassen in Mexico zur darstellung bringt _cvon Franz Heger. |
| 260 |
_aLondon _bInt. Congress of Americanists _c[1900] |
||
| 300 |
_a1 v. (en varias paginaciones) _bil., 10 láminas _c27 cm. |
||
| 500 | _aSeparata de Proceedings of the XVIII Int. Congress of Americanists | ||
| 500 | _aB212 | ||
| 650 | 1 | 4 |
_aCastas _zMéxico _99193 |
| 651 | 4 |
_aMéxico _xVida social y costumbres _9769 |
|
| 902 | _aGFM | ||
| 942 |
_2lcc _cB |
||
| 999 |
_c3279 _d3279 |
||